[Event "POL-ch Rapid U18 Girls"]
[Site "Bydgoszcz"]
[Date "2023.08.29"]
[Round "3"]
[White "Anyz, Monika"]
[Black "Obrochta, Lena"]
[Result "1-0"]
[WhiteElo "1693"]
[BlackElo "1676"]
[PlyCount "43"]
[EventDate "2023.08.28"]
[EventType "swiss"]
[EventRounds "11"]
[EventCountry "POL"]
[SourceTitle "CBM 216 Extra"]
[Source "ChessBase"]
[SourceDate "2023.11.30"]
[SourceVersion "1"]
[SourceVersionDate "2023.11.30"]
[SourceQuality "1"]

1. e4 c5 2. Nf3 e6 3. d4 cxd4 4. Nxd4 a6 5. Nc3 Qc7 6. Bd3 Nf6 7. 0-0 b5 8. a3 Bb7 9. Nb3 d6 10. f4 Nbd7 11. Kh1 Be7 12. Qf3 0-0 13. Bd2 Rac8 14. Qh3 Rfe8 15. Rae1 g6 16. f5 e5 17. fxg6 hxg6 18. Re3 d5 19. exd5 Nxd5 20. Rg3 Qc6 21. Nxd5 Qxd5 22. Bxg6 1-0

[Event "POL-ch Rapid U18 Girls"]
[Site "Bydgoszcz"]
[Date "2023.08.29"]
[Round "6"]
[White "Starosta, Martyna"]
[Black "Anyz, Monika"]
[Result "1-0"]
[WhiteElo "2012"]
[BlackElo "1693"]
[PlyCount "71"]
[EventDate "2023.08.28"]
[EventType "swiss"]
[EventRounds "11"]
[EventCountry "POL"]
[SourceTitle "CBM 216 Extra"]
[Source "ChessBase"]
[SourceDate "2023.11.30"]
[SourceVersion "1"]
[SourceVersionDate "2023.11.30"]
[SourceQuality "1"]

1. e4 c5 2. Nf3 Nc6 3. d4 cxd4 4. Nxd4 g6 5. c4 Bg7 6. Be3 Nf6 7. Nc3 Ng4 8. Qxg4 Nxd4 9. Qd1 Ne6 10. Rc1 0-0 11. Bd3 d6 12. 0-0 Qa5 13. f4 Nc5 14. Bb1 Be6 15. Qe2 Qb4 16. Nd1 a5 17. f5 Bd7 18. Nc3 Bc6 19. Qd2 a4 20. Kh1 Rab8 21. f6 exf6 22. Qxd6 Na6 23. Qxb4 Nxb4 24. Bc5 Na6 25. Bxf8 Kxf8 26. Nd5 Bxd5 27. cxd5 Ke7 28. a3 Kd6 29. Rc4 Nc5 30. Rfc1 Rc8 31. Rb4 Bh6 32. Rcc4 Rc7 33. Rb6+ Ke5 34. d6 Rc8 35. d7 Rd8 36. Rxc5+ 1-0

[Event "POL-ch U18 Girls"]
[Site "Jastrzebia Gora"]
[Date "2023.??.??"]
[Round "1"]
[White "Kaznowska, Kinga"]
[Black "Anyz, Monika"]
[Result "1-0"]
[WhiteElo "1352"]
[BlackElo "1755"]
[PlyCount "141"]
[EventDate "2023.03.11"]
[EventType "swiss"]
[EventRounds "9"]
[EventCountry "POL"]
[SourceTitle "CBM 213 Extra"]
[Source "ChessBase"]
[SourceDate "2023.05.31"]
[SourceVersion "1"]
[SourceVersionDate "2023.05.31"]
[SourceQuality "1"]

1. e4 c5 2. Nf3 Nc6 3. d4 cxd4 4. Nxd4 g6 5. Nc3 Bg7 6. Be3 Nf6 7. g3 0-0 8. Bg2 d6 9. h3 Ne5 10. Qe2 a6 11. f4 Nc6 12. Rd1 Nh5 13. Qf2 Nxd4 14. Bxd4 Bxd4 15. Rxd4 Qb6 16. Na4 Qa5+ 17. Nc3 Ng7 18. 0-0 Be6 19. a3 Rac8 20. Rfd1 b5 21. g4 Qb6 22. Bf1 f5 23. exf5 gxf5 24. g5 Bf7 25. R1d2 Ne6 26. R4d3 Qxf2+ 27. Rxf2 Nc5 28. Re3 Rfe8 29. Rd2 Rcd8 30. Bg2 e6 31. b4 Na4 32. Nxa4 bxa4 33. Bc6 Re7 34. Bxa4 Rc7 35. Bb3 d5 36. Red3 Rdc8 37. Kf2 Bh5 38. Re3 Kf7 39. Rdd3 Rc6 40. Ke1 Rd8 41. c4 d4 42. Re5 Ke7 43. Ra5 Bg6 44. c5 e5 45. fxe5 f4 46. Rf3 d3 47. Kd2 Rd4 48. h4 Re4 49. Rxd3 Rxe5 50. Rf3 Re4 51. Bc2 Re3 52. Rxf4 Rce6 53. Bxg6 hxg6 54. Rxa6 Re2+ 55. Kd3 R2e3+ 56. Kd4 Rxa6 57. Kxe3 Rxa3+ 58. Kd4 Rb3 59. Kd5 Rd3+ 60. Kc6 Rb3 61. b5 Ke6 62. Rf6+ Ke7 63. b6 Rb4 64. b7 Rb3 65. Kc7 Rb5 66. b8Q Rxc5+ 67. Rc6 Rd5 68. Qb4+ Kf7 69. Rf6+ Kg7 70. Qe7+ Kg8 71. Rf8# 1-0

[Event "POL-chT 2nd League"]
[Site "Jastrzebia Gora"]
[Date "2022.09.10"]
[Round "8.137"]
[White "Anyz, Monika"]
[Black "Roclawska, Julia"]
[Result "1-0"]
[WhiteElo "1735"]
[BlackElo "1243"]
[PlyCount "47"]
[EventDate "2022.09.03"]
[EventType "team-swiss"]
[EventRounds "9"]
[EventCountry "POL"]
[SourceTitle "CBM 210 Extra"]
[Source "ChessBase"]
[SourceDate "2022.11.30"]
[SourceVersion "1"]
[SourceVersionDate "2022.11.30"]
[SourceQuality "1"]
[WhiteTeam "Skarzysko Kamienna"]
[BlackTeam "Bydgoszcz Chemik"]
[WhiteTeamCountry "POL"]
[BlackTeamCountry "POL"]

1. e4 e5 2. Nf3 Nc6 3. d4 exd4 4. Bc4 Bc5 5. c3 Nge7 6. cxd4 Bb4+ 7. Nc3 d5 8. exd5 Nxd5 9. 0-0 Nxc3 10. bxc3 Bxc3 11. Qb3 Ba5 12. Bxf7+ Kf8 13. Ba3+ Bb4 14. Rfe1 Bd7 15. Bh5 g6 16. Bxb4+ Nxb4 17. Ne5 Kg7 18. Qf7+ Kh6 19. Nxd7 Kxh5 20. Nf6+ Kh6 21. Ng4+ Kh5 22. Re5+ Kh4 23. g3+ Kh3 24. Ne3 1-0

[Event "POL-chT 2nd League"]
[Site "Jastrzebia Gora"]
[Date "2022.09.05"]
[Round "3.101"]
[White "Mlynarska, Sylwia"]
[Black "Anyz, Monika"]
[Result "0-1"]
[WhiteElo "1922"]
[BlackElo "1735"]
[PlyCount "80"]
[EventDate "2022.09.03"]
[EventType "team-swiss"]
[EventRounds "9"]
[EventCountry "POL"]
[SourceTitle "CBM 210 Extra"]
[Source "ChessBase"]
[SourceDate "2022.11.30"]
[SourceVersion "1"]
[SourceVersionDate "2022.11.30"]
[SourceQuality "1"]
[WhiteTeam "Zakrzewo Korona"]
[BlackTeam "Skarzysko Kamienna"]
[WhiteTeamCountry "POL"]
[BlackTeamCountry "POL"]

1. d4 c5 2. d5 Nf6 3. Nc3 g6 4. e4 d6 5. Bb5+ Bd7 6. a4 Bg7 7. Nf3 a6 8. Be2 0-0 9. h3 e6 10. Bf4 e5 11. Be3 Be8 12. Nd2 Nbd7 13. 0-0 Nb6 14. a5 Nc8 15. f4 Nd7 16. Nc4 exf4 17. Bxf4 Ne5 18. Qd2 Nxc4 19. Bxc4 Bd7 20. Bg5 f6 21. Bh4 Qe7 22. Rae1 Kh8 23. Qe2 Na7 24. Rf3 g5 25. Bf2 Rae8 26. Nd1 Nb5 27. Bxb5 axb5 28. b4 c4 29. Qe3 Qd8 30. Bg3 g4 31. Rff1 gxh3 32. Bxd6 hxg2 33. Rf2 Rg8 34. Nc3 f5 35. e5 Qh4 36. Rxg2 Bh6 37. Qf2 Rxg2+ 38. Kxg2 Rg8+ 39. Kf1 Qh3+ 40. Ke2 Rg2 0-1

[Event "POL-ch U18 Girls"]
[Site "Sypniewo"]
[Date "2022.03.26"]
[Round "8"]
[White "Jedrzejko, Martyna"]
[Black "Anyz, Monika"]
[Result "1/2-1/2"]
[WhiteElo "1517"]
[BlackElo "1651"]
[PlyCount "83"]
[EventDate "2022.03.19"]
[EventType "swiss"]
[EventRounds "9"]
[EventCountry "POL"]
[SourceTitle "CBM 207 Extra"]
[Source "ChessBase"]
[SourceDate "2022.05.31"]
[SourceVersion "1"]
[SourceVersionDate "2022.05.31"]
[SourceQuality "1"]

1. e4 c5 2. Nf3 Nc6 3. d4 cxd4 4. Nxd4 g6 5. c4 Nf6 6. Nc3 Bg7 7. Be3 Ng4 8. Qxg4 Nxd4 9. Qd1 Ne6 10. Be2 Bxc3+ 11. bxc3 Qa5 12. Qd2 d6 13. 0-0 Bd7 14. f4 Bc6 15. f5 Nc5 16. Qd4 f6 17. Bf3 gxf5 18. exf5 Bxf3 19. gxf3 Na4 20. Rac1 Qxf5 21. Qd5 Qxd5 22. cxd5 Nc5 23. Bxc5 dxc5 24. c4 Kd7 25. Kf2 Rhg8 26. Rg1 Rg6 27. Rg3 Rag8 28. Rb1 b6 29. a4 Kc7 30. Re1 Re8 31. Re6 Rh6 32. Kg2 Rh4 33. Rg4 Rxg4+ 34. fxg4 Kd7 35. Kf3 Rg8 36. h4 h6 37. Kf4 Rg7 38. Rc6 Rg8 39. Kf5 Rb8 40. Kg6 Rg8+ 41. Kf5 Rb8 42. Ke4 1/2-1/2

[Event "POL-ch U18 Girls"]
[Site "Sypniewo"]
[Date "2022.03.22"]
[Round "4"]
[White "Anyz, Monika"]
[Black "Siekanska, Zuzanna"]
[Result "1-0"]
[WhiteElo "1651"]
[BlackElo "1756"]
[PlyCount "63"]
[EventDate "2022.03.19"]
[EventType "swiss"]
[EventRounds "9"]
[EventCountry "POL"]
[SourceTitle "CBM 207 Extra"]
[Source "ChessBase"]
[SourceDate "2022.05.31"]
[SourceVersion "1"]
[SourceVersionDate "2022.05.31"]
[SourceQuality "1"]

1. e4 e5 2. Nf3 Nc6 3. d4 exd4 4. Bc4 Nf6 5. e5 d5 6. Bb5 Ne4 7. Nxd4 Bd7 8. Bxc6 bxc6 9. 0-0 Bc5 10. f3 Ng5 11. f4 Ne4 12. Be3 Qb8 13. Qc1 Bb6 14. Nd2 Nxd2 15. Qxd2 c5 16. Nb3 c4 17. Nc5 Bxc5 18. Bxc5 Qb5 19. Qxd5 Bc6 20. Qd4 Rd8 21. Qf2 Qxb2 22. Qh4 f6 23. exf6 Qxf6 24. Rae1+ Kf7 25. Re7+ Kg8 26. Qxf6 gxf6 27. Rxc7 Be4 28. Re1 f5 29. Re3 Rd1+ 30. Kf2 Rd2+ 31. Ke1 Rxg2 32. Rc8+ 1-0

[Event "POL-chT U20 2nd League"]
[Site "Szczyrk"]
[Date "2017.07.29"]
[Round "10.16"]
[White "Eigner, Jerzy"]
[Black "Anyz, Monika"]
[Result "0-1"]
[WhiteElo "1202"]
[BlackElo "1273"]
[PlyCount "58"]
[EventDate "2017.07.22"]
[EventType "team-swiss"]
[EventRounds "11"]
[EventCountry "POL"]
[SourceTitle "EXT 2019"]
[Source "ChessBase"]
[SourceDate "2018.10.10"]
[SourceVersion "1"]
[SourceVersionDate "2018.10.10"]
[SourceQuality "1"]

1. e4 c5 2. Nf3 a6 3. Nc3 Nc6 4. d4 cxd4 5. Nxd4 Nf6 6. Be3 d6 7. Be2 g6 8. 0-0 Bg7 9. f4 0-0 10. Qd2 Nxd4 11. Bxd4 e5 12. Be3 Bg4 13. Rad1 Bxe2 14. Qxe2 exf4 15. Bxf4 Qb6+ 16. Kh1 Rad8 17. b3 Rfe8 18. Nd5 Nxd5 19. Rxd5 Qc6 20. Rfd1 Re6 21. e5 Rde8 22. Qf2 dxe5 23. Bg5 e4 24. Rd7 Bf6 25. Bxf6 Rxf6 26. Qd4 e3 27. Rd8 e2 28. Rg1 Rf1 29. Qc4 Rxg1+ 0-1

[Event "POL-chT U20 2nd League"]
[Site "Szczyrk"]
[Date "2017.07.27"]
[Round "8.22"]
[White "Anyz, Monika"]
[Black "Dziewonski, Dariusz"]
[Result "0-1"]
[WhiteElo "1273"]
[BlackElo "1594"]
[PlyCount "102"]
[EventDate "2017.07.22"]
[EventType "team-swiss"]
[EventRounds "11"]
[EventCountry "POL"]
[SourceTitle "EXT 2019"]
[Source "ChessBase"]
[SourceDate "2018.10.10"]
[SourceVersion "1"]
[SourceVersionDate "2018.10.10"]
[SourceQuality "1"]

1. e4 c5 2. Nf3 e6 3. d4 cxd4 4. Nxd4 a6 5. Nc3 Qc7 6. Be2 Nf6 7. 0-0 d6 8. Bf3 Be7 9. Re1 Nbd7 10. Bg5 0-0 11. Bh4 Ne5 12. Bg3 Nfd7 13. Qe2 Bf6 14. Rad1 b6 15. h3 Bb7 16. Rf1 Rfe8 17. Rfe1 Rac8 18. Rf1 Nc4 19. e5 Bxf3 20. Nxf3 Ndxe5 21. Nxe5 Bxe5 22. Bxe5 dxe5 23. Rb1 b5 24. Ne4 f6 25. Rfd1 Red8 26. b3 Nb6 27. Rxd8+ Rxd8 28. Rd1 Rxd1+ 29. Qxd1 Nd5 30. a3 h6 31. Qd3 f5 32. Nd2 e4 33. Qd4 Qxc2 34. g3 Qd1+ 35. Kg2 Qe2 36. Nf1 Qf3+ 37. Kg1 Qxb3 38. Qc5 Kh7 39. h4 a5 40. Qf8 a4 41. h5 Qc3 42. Qe8 Qf6 43. Qxb5 Nc3 44. Qc4 Qe5 45. Ne3 Nd5 46. Nxd5 exd5 47. Qxa4 d4 48. Qb4 d3 49. a4 Qa1+ 50. Kg2 Qd1 51. a5 d2 0-1

[Event "POL-chT U20 2nd League"]
[Site "Szczyrk"]
[Date "2017.07.26"]
[Round "6.16"]
[White "Anyz, Monika"]
[Black "Seemann, Jakub"]
[Result "0-1"]
[WhiteElo "1273"]
[BlackElo "1339"]
[PlyCount "126"]
[EventDate "2017.07.22"]
[EventType "team-swiss"]
[EventRounds "11"]
[EventCountry "POL"]
[SourceTitle "EXT 2019"]
[Source "ChessBase"]
[SourceDate "2018.10.10"]
[SourceVersion "1"]
[SourceVersionDate "2018.10.10"]
[SourceQuality "1"]

1. e4 c5 2. Nf3 a6 3. d4 cxd4 4. Nxd4 Nf6 5. Nc3 e5 6. Nf3 d6 7. Bc4 Be7 8. 0-0 0-0 9. Re1 Nc6 10. Nd5 b5 11. Nxe7+ Nxe7 12. Bb3 Bb7 13. Nd2 Ng6 14. c3 Nf4 15. Bc2 Qd7 16. Nf3 Rfe8 17. Bxf4 exf4 18. Qd2 Nh5 19. h3 Kh8 20. Rad1 Rad8 21. Qd3 Nf6 22. e5 dxe5 23. Nxe5 Qxd3 24. Nxd3 Rxe1+ 25. Rxe1 f3 26. Ne5 Kg8 27. Bb3 fxg2 28. Nxf7 Rd2 29. Nd6+ Bd5 30. Bxd5+ Rxd5 31. Ne4 Kf7 32. Nxf6 Kxf6 33. Kxg2 Rd2 34. Rb1 a5 35. a3 Rc2 36. Kf3 Ke5 37. Re1+ Kd5 38. Re2 Rc1 39. Re4 Rc2 40. Re2 Rc1 41. Re4 Rb1 42. Rd4+ Kc6 43. b4 Rb3 44. Rd3 a4 45. Kg2 Rxa3 46. Rd8 Kc7 47. Ra8 Rxc3 48. Ra5 Kb6 49. Ra8 Rb3 50. h4 Rxb4 51. h5 Rh4 52. h6 gxh6 53. f3 Rc4 54. Kg3 Rc3 55. Kg4 h5+ 56. Kxh5 Rxf3 57. Kh6 a3 58. Kxh7 b4 59. Rb8+ Kc5 60. Ra8 Kc4 61. Kg6 Kb3 62. Kg5 a2 63. Kg4 Rf1 0-1